| 000 | 01096cam a2200313 a 4500 | ||
|---|---|---|---|
| 001 | 11867839 | ||
| 003 | OSt | ||
| 005 | 20220416115835.0 | ||
| 008 | 991214s1998 enka 001 0 eng | ||
| 010 | _a 99495077 | ||
| 020 | _a0273633082 (pbk) | ||
| 040 |
_aDLC _cHU _dDLC |
||
| 050 | 0 | 0 |
_aHF5726 _b.T373 1998 |
| 082 | 0 | 0 |
_a651.7/57 _221 |
| 100 | 1 |
_aTaylor, Shirley, _cCert. Ed. _936131 |
|
| 245 | 1 | 0 |
_aGartside's model business letters : _b& other business documents / _cShirley Taylor, Leonard Gartside. |
| 246 | 3 | 0 | _aModel business letters |
| 250 | _a5th ed. | ||
| 260 |
_aLondon : _bFinancial Times Professional Ltd., _c1998. |
||
| 300 |
_axii, 388 p. : _bill. ; _c25 cm. |
||
| 500 | _aIncludes index. | ||
| 650 | 0 |
_aCommercial correspondence. _936132 |
|
| 650 | 0 |
_aBusiness writing. _936133 |
|
| 650 | 0 |
_aLetter writing. _936134 |
|
| 700 | 1 |
_aGartside, L. _q(Leonard) _936135 |
|
| 906 |
_a7 _bcbc _corignew _d3 _encip _f19 _gy-gencatlg |
||
| 942 |
_2ddc _cBOOKS _n0 |
||
| 999 |
_c34948 _d34948 |
||